[Event "Aktobe Dvorkovich op-A"]
[Site "Aktobe"]
[Date "2025.06.26"]
[Round "5"]
[White "Lee, Jun Hyeok"]
[Black "Suleymenov, Alisher"]
[Result "0-1"]
[WhiteElo "2434"]
[BlackElo "2515"]
[PlyCount "110"]
[EventDate "2025.06.22"]
[EventType "swiss"]
[EventRounds "9"]
[EventCountry "KAZ"]
[SourceTitle "CB27_2025"]
[SourceDate "2025.07.02"]
[SourceVersion "1"]
[SourceVersionDate "2025.07.02"]
[SourceQuality "1"]

1. e4 e5 2. Nf3 Nc6 3. Bc4 Nf6 4. d3 Be7 5. 0-0 0-0 6. Re1 d6 7. a4 Kh8 8. h3 Ng8 9. Nc3 f5 10. Nd5 fxe4 11. dxe4 Nf6 12. a5 Nxd5 13. exd5 Nb8 14. b4 Bf5 15. Bd3 a6 16. Ra3 Nd7 17. c4 Qe8 18. Nd2 Bh4 19. Bxf5 Rxf5 20. Rf3 Qg6 21. Rxf5 Qxf5 22. Qf3 g6 23. Ne4 Nf6 24. Nxf6 Qxf3 25. gxf3 Bxf6 26. Be3 Kg8 27. c5 Rd8 28. Rc1 c6 29. dxc6 bxc6 30. cxd6 Rxd6 31. Bc5 Bg5 32. Rc4 Rf6 33. Kg2 Kf7 34. Rc3 Re6 35. Rd3 Ke8 36. Rd1 Be7 37. Rd3 Rf6 38. Rd1 Rf4 39. Rb1 Kd7 40. Rd1+ Ke6 41. Kg3 Rc4 42. Bxe7 Kxe7 43. Rb1 g5 44. Kg2 Kd6 45. Rd1+ Rd4 46. Rb1 Kd5 47. Kf1 Rd3 48. Ke2 Rc3 49. Rb2 Kc4 50. Rb1 h6 51. Rb2 Kb5 52. Rb1 Rc4 53. Kd3 Rxb4 54. Re1 Kxa5 55. Rxe5+ Kb6 0-1

[Event "Aktobe Dvorkovich op-A"]
[Site "Aktobe"]
[Date "2025.06.25"]
[Round "4"]
[White "Suleymenov, Alisher"]
[Black "Amilal, Munkhdalai"]
[Result "1/2-1/2"]
[WhiteElo "2515"]
[BlackElo "2385"]
[PlyCount "77"]
[EventDate "2025.06.22"]
[EventType "swiss"]
[EventRounds "9"]
[EventCountry "KAZ"]
[SourceTitle "CB27_2025"]
[SourceDate "2025.07.02"]
[SourceVersion "1"]
[SourceVersionDate "2025.07.02"]
[SourceQuality "1"]

1. d4 Nf6 2. c4 e6 3. g3 d5 4. Bg2 dxc4 5. Nf3 a6 6. 0-0 Nc6 7. e3 Rb8 8. Nfd2 e5 9. Bxc6+ bxc6 10. dxe5 Ng4 11. Nxc4 Be6 12. Nbd2 Bb4 13. b3 h5 14. h3 Bc3 15. Rb1 Nxe5 16. Nxe5 Bxe5 17. h4 Bf5 18. Bb2 Bxb1 19. Bxe5 Bd3 20. Bxg7 Rg8 21. Qxh5 Qd5 22. Qh6 Bxf1 23. Nxf1 Kd7 24. Qh7 Rbe8 25. h5 Rxg7 26. Qxg7 Qxh5 27. Qd4+ Qd5 28. Qf6 Kc8 29. Nh2 Re5 30. Qf4 Rf5 31. Qg4 Qd7 32. Nf3 Ra5 33. Qb4 Rxa2 34. Qf8+ Kb7 35. Qb4+ Kc8 36. Qf8+ Kb7 37. Qb4+ Ka7 38. Qc5+ Kb7 39. Qb4+ 1/2-1/2

[Event "Aktobe Dvorkovich op-A"]
[Site "Aktobe"]
[Date "2025.06.24"]
[Round "3"]
[White "Orozbaev, Eldiar"]
[Black "Suleymenov, Alisher"]
[Result "0-1"]
[WhiteElo "2367"]
[BlackElo "2515"]
[PlyCount "142"]
[EventDate "2025.06.22"]
[EventType "swiss"]
[EventRounds "9"]
[EventCountry "KAZ"]
[SourceTitle "CB27_2025"]
[SourceDate "2025.07.02"]
[SourceVersion "1"]
[SourceVersionDate "2025.07.02"]
[SourceQuality "1"]

1. e4 e5 2. d4 exd4 3. Qxd4 Nc6 4. Qe3 Nf6 5. Nc3 Bb4 6. Bd2 0-0 7. 0-0-0 Re8 8. Bc4 d6 9. Nf3 Be6 10. Bxe6 Rxe6 11. Ng5 Re8 12. Qg3 Qd7 13. a3 Bc5 14. f3 b5 15. Kb1 Ne5 16. Nd5 Nxd5 17. exd5 Qf5 18. Ne4 Rab8 19. Rhe1 Bb6 20. Re2 Qg6 21. Rde1 Qxg3 22. Nxg3 Kf8 23. Bc3 f6 24. Nh5 Re7 25. f4 Ng6 26. Re6 Rxe6 27. dxe6 Ne7 28. g4 Nd5 29. f5 Be3 30. Ba5 Rc8 31. b3 Bd4 32. Rd1 Nc3+ 33. Bxc3 Bxc3 34. Nf4 c6 35. Nd3 Ke7 36. Rf1 g6 37. Rf3 Rg8 38. Rg3 a5 39. a4 b4 40. Kc1 d5 41. Kd1 Kd6 42. Ke2 c5 43. Rh3 Rg7 44. Ke3 Bd4+ 45. Kf4 c4 46. Ne1 Be5+ 47. Ke3 gxf5 48. gxf5 Rg5 49. Rxh7 Rxf5 50. e7 Kd7 51. Nf3 Bd6 52. Nh4 Bc5+ 53. Kd2 Rf2+ 54. Kd1 Rxh2 55. Rh5 Bxe7 56. Rxd5+ Ke6 57. Rd4 c3 58. Re4+ Kf7 59. Nf3 Rf2 60. Nd4 Rd2+ 61. Kc1 Bf8 62. Nc6 Bh6 63. Kb1 Rd1+ 64. Ka2 Bc1 65. Rd4 Rf1 66. Rg4 Bb2 67. Nd8+ Ke8 68. Re4+ Kd7 69. Rd4+ Kc8 70. Rc4+ Kb8 71. Nc6+ Kc7 0-1

[Event "Aktobe Dvorkovich op-A"]
[Site "Aktobe"]
[Date "2025.06.22"]
[Round "1"]
[White "Agibileg, Uurtsaikh"]
[Black "Suleymenov, Alisher"]
[Result "1/2-1/2"]
[WhiteElo "2384"]
[BlackElo "2515"]
[PlyCount "73"]
[EventDate "2025.06.22"]
[EventType "swiss"]
[EventRounds "9"]
[EventCountry "KAZ"]
[SourceTitle "CB27_2025"]
[SourceDate "2025.07.02"]
[SourceVersion "1"]
[SourceVersionDate "2025.07.02"]
[SourceQuality "1"]

1. d4 Nf6 2. c4 g6 3. Nc3 d5 4. cxd5 Nxd5 5. e4 Nxc3 6. bxc3 Bg7 7. Bc4 c5 8. Ne2 0-0 9. 0-0 Nc6 10. Be3 e6 11. Rb1 cxd4 12. cxd4 b6 13. Qd2 Bb7 14. f3 Rc8 15. Bb5 Na5 16. Bg5 Qd6 17. e5 Qa3 18. h4 Rc7 19. Rfc1 Rfc8 20. Rxc7 Rxc7 21. h5 Bd5 22. Rc1 Rxc1+ 23. Nxc1 Nc4 24. Qf4 Qc3 25. h6 Bf8 26. Be8 f5 27. Kh2 Qe1 28. Nd3 Qe2 29. Qh4 Qxd3 30. Bc1 Nd2 31. Qf6 Nxf3+ 32. gxf3 Qe2+ 33. Kg1 Qd1+ 34. Kh2 Qe2+ 35. Kg1 Qe1+ 36. Kg2 Qe2+ 37. Kg1 1/2-1/2

[Event "WchT Blitz Pool D"]
[Site "London"]
[Date "2025.06.14"]
[Round "8.4"]
[White "Suleymenov, Alisher"]
[Black "Ansat, Aldiyar"]
[Result "0-1"]
[WhiteElo "2515"]
[BlackElo "2489"]
[PlyCount "72"]
[EventDate "2025.06.14"]
[EventType "team-tourn"]
[EventRounds "13"]
[EventCountry "ENG"]
[SourceTitle "CB25_2025"]
[SourceDate "2025.06.18"]
[SourceVersion "1"]
[SourceVersionDate "2025.06.18"]
[SourceQuality "1"]
[WhiteTeam "Barys.kz"]
[BlackTeam "KazChess"]
[WhiteTeamCountry "KAZ"]
[BlackTeamCountry "KAZ"]

1. d4 Nf6 2. c4 e6 3. Nf3 d5 4. g3 Nc6 5. Bg2 Bd6 6. 0-0 0-0 7. Nbd2 a5 8. b3 Ne4 9. Nxe4 dxe4 10. Nd2 f5 11. e3 e5 12. d5 Nb4 13. Bb2 b6 14. f3 exf3 15. Nxf3 Qe7 16. Qe2 Bd7 17. Kh1 Na6 18. Ne1 e4 19. Nc2 Nc5 20. Nd4 a4 21. Bc3 axb3 22. axb3 Qg5 23. b4 Nd3 24. b5 Rxa1 25. Rxa1 h5 26. Be1 Qh6 27. Bf2 Be5 28. Rf1 Ra8 29. Bg1 g6 30. Bf2 Nxf2+ 31. Qxf2 Ra3 32. Nc2 Ra2 33. Qd2 h4 34. gxh4 Qxh4 35. h3 Qg3 36. Bxe4 fxe4 0-1

[Event "WchT Rapid"]
[Site "London"]
[Date "2025.06.13"]
[Round "9.3"]
[White "Sokolovsky, Yahli"]
[Black "Suleymenov, Alisher"]
[Result "1-0"]
[WhiteElo "2367"]
[BlackElo "2428"]
[PlyCount "91"]
[EventDate "2025.06.11"]
[EventType "team-swiss"]
[EventRounds "12"]
[EventCountry "ENG"]
[SourceTitle "CB25_2025"]
[SourceDate "2025.06.18"]
[SourceVersion "1"]
[SourceVersionDate "2025.06.18"]
[SourceQuality "1"]
[WhiteTeam "Rishon LeZion"]
[BlackTeam "Barys.kz"]
[WhiteTeamCountry "ISR"]
[BlackTeamCountry "KAZ"]

1. e4 e5 2. Nf3 Nc6 3. Bb5 a6 4. Ba4 Nf6 5. 0-0 Nxe4 6. d4 b5 7. Bb3 d5 8. dxe5 Be6 9. Qe2 Nc5 10. Rd1 Nxb3 11. axb3 Be7 12. c4 b4 13. Nbd2 0-0 14. Nf1 Qd7 15. Bg5 Rfd8 16. Ne3 d4 17. Nd5 Bxd5 18. cxd5 Qxd5 19. Bxe7 Nxe7 20. Rxd4 Qxb3 21. Rxa6 Rab8 22. e6 Rxd4 23. Nxd4 Qd5 24. exf7+ Kxf7 25. Re6 Ng6 26. Re4 Kg8 27. h4 c5 28. Ne6 Re8 29. Qg4 Re7 30. Ng5 Rxe4 31. Nxe4 Qe5 32. h5 Ne7 33. h6 Nf5 34. hxg7 h6 35. g3 c4 36. Nd2 Qe1+ 37. Nf1 Nd6 38. Qf4 Qe7 39. Qxh6 Nf7 40. Qc6 Ne5 41. Qd5+ Kxg7 42. Ne3 Qc7 43. Qe6 Kh7 44. Nd5 Qg7 45. Nf6+ Kg6 46. Ne8+ 1-0

[Event "WchT Rapid"]
[Site "London"]
[Date "2025.06.11"]
[Round "1.4"]
[White "Suleymenov, Alisher"]
[Black "Vashisht Pigem, Raman"]
[Result "1-0"]
[WhiteElo "2428"]
[BlackElo "2015"]
[PlyCount "101"]
[EventDate "2025.06.11"]
[EventType "team-swiss"]
[EventRounds "12"]
[EventCountry "ENG"]
[SourceTitle "CB25_2025"]
[SourceDate "2025.06.18"]
[SourceVersion "1"]
[SourceVersionDate "2025.06.18"]
[SourceQuality "1"]
[WhiteTeam "Barys.kz"]
[BlackTeam "The London Legends"]
[WhiteTeamCountry "KAZ"]
[BlackTeamCountry "ENG"]

1. d4 e6 2. c4 b6 3. a3 Bb7 4. Nc3 Nf6 5. Nf3 d5 6. cxd5 Nxd5 7. Qc2 Be7 8. e4 Nxc3 9. bxc3 0-0 10. Bd3 Nd7 11. 0-0 c5 12. Bf4 Rc8 13. Qd2 Nf6 14. Rfe1 cxd4 15. cxd4 Qd7 16. a4 a5 17. Bb5 Qd8 18. Qd3 Bb4 19. Bd2 Qe7 20. e5 Nd5 21. Ng5 g6 22. Ne4 Bxd2 23. Qxd2 f5 24. Nd6 Rcd8 25. Rac1 Rxd6 26. exd6 Qxd6 27. Re5 Nb4 28. Bc4 Re8 29. Qe3 Nd5 30. Qg5 Qe7 31. Qxe7 Rxe7 32. Bb5 Kf7 33. f3 Nb4 34. h4 Bd5 35. Ree1 h6 36. Rc8 Kg7 37. Rec1 Kf6 38. R1c7 Rxc7 39. Rxc7 Bb3 40. Rb7 Nc2 41. Rxb6 Nxd4 42. Ra6 Ke7 43. Rxa5 Kd6 44. Kf2 f4 45. Be8 Nf5 46. Bxg6 Nxh4 47. Be4 Kc7 48. Rc5+ Kd6 49. Rh5 Nf5 50. Bxf5 exf5 51. a5 1-0

[Event "KAZ-ch"]
[Site "Astana"]
[Date "2025.05.25"]
[Round "6"]
[White "Suleymenov, Alisher"]
[Black "Akhmedinov, Satbek"]
[Result "1-0"]
[WhiteElo "2515"]
[BlackElo "2392"]
[PlyCount "58"]
[EventDate "2025.05.21"]
[EventType "tourn"]
[EventRounds "13"]
[EventCountry "KAZ"]
[EventCategory "7"]
[SourceTitle "CB24_2025"]
[SourceDate "2025.06.11"]
[SourceVersion "1"]
[SourceVersionDate "2025.06.11"]
[SourceQuality "1"]

1. Nf3 Nf6 2. c4 c5 3. Nc3 d5 4. cxd5 Nxd5 5. e3 Nc6 6. d4 cxd4 7. exd4 g6 8. Qb3 Nxc3 9. Bc4 e6 10. bxc3 Bg7 11. Ba3 Na5 12. Bb5+ Bd7 13. Qb1 a6 14. Be2 Rc8 15. 0-0 Rxc3 16. Bb4 Rc8 17. d5 Nc4 18. Qb3 exd5 19. Rad1 Be6 20. Rfe1 b5 21. Bxc4 Rxc4 22. Nd2 Rc6 23. Ne4 Qc7 24. Rxd5 Rc1 25. Rdd1 Rxd1 26. Qxd1 Be5 27. f4 f5 28. Nd6+ Bxd6 29. Rxe6+ Kd7 1-0

[Event "KAZ-ch"]
[Site "Astana"]
[Date "2025.05.24"]
[Round "5"]
[White "Zhauynbay, Aldiyar"]
[Black "Suleymenov, Alisher"]
[Result "0-1"]
[WhiteElo "2265"]
[BlackElo "2515"]
[PlyCount "120"]
[EventDate "2025.05.21"]
[EventType "tourn"]
[EventRounds "13"]
[EventCountry "KAZ"]
[EventCategory "7"]
[SourceTitle "CB24_2025"]
[SourceDate "2025.06.11"]
[SourceVersion "1"]
[SourceVersionDate "2025.06.11"]
[SourceQuality "1"]

1. e4 c5 2. Nf3 Nc6 3. c3 Nf6 4. e5 Nd5 5. Bc4 Nb6 6. Bb3 c4 7. Bc2 d5 8. exd6 Qxd6 9. 0-0 Bg4 10. h3 Bh5 11. Re1 e6 12. b3 0-0-0 13. Na3 cxb3 14. axb3 Qf4 15. d4 Bxf3 16. Bxf4 Bxd1 17. Rexd1 Nd5 18. Bd2 Bd6 19. b4 Rd7 20. Nc4 Bb8 21. Ba4 Rdd8 22. Bxc6 bxc6 23. Ra5 Ne7 24. Bg5 f6 25. Bd2 Rd5 26. Re1 Rxa5 27. Nxa5 Kd7 28. Nb3 Bd6 29. Ra1 Ra8 30. Kf1 g5 31. Ke2 h5 32. Kd3 h4 33. Ra6 Kc7 34. Na5 Kd7 35. Bc1 Bc7 36. Nb3 Bb6 37. c4 Kc8 38. Ra2 Nf5 39. f4 gxf4 40. Bxf4 Kd7 41. Ra6 Ne7 42. Ra2 Ng6 43. Bh2 e5 44. dxe5 Nxe5+ 45. Bxe5 fxe5 46. Ke4 Ke6 47. c5 Bc7 48. Nc1 Rd8 49. Ne2 Rb8 50. Ra4 Rb7 51. Nc1 Bb8 52. Ne2 Rg7 53. Ra2 Rf7 54. Ke3 Rb7 55. Ra6 Kd5 56. Nc3+ Kc4 57. Ne4 Rxb4 58. Rxc6 Kd5 59. Rc8 Rxe4+ 60. Kd3 Rb4 0-1

[Event "KAZ-ch"]
[Site "Astana"]
[Date "2025.05.23"]
[Round "4"]
[White "Suleymenov, Alisher"]
[Black "Makhnev, Denis"]
[Result "1/2-1/2"]
[WhiteElo "2515"]
[BlackElo "2526"]
[PlyCount "63"]
[EventDate "2025.05.21"]
[EventType "tourn"]
[EventRounds "13"]
[EventCountry "KAZ"]
[EventCategory "7"]
[SourceTitle "CB24_2025"]
[SourceDate "2025.06.11"]
[SourceVersion "1"]
[SourceVersionDate "2025.06.11"]
[SourceQuality "1"]

1. e4 e5 2. Nf3 Nc6 3. Bb5 a6 4. Ba4 Nge7 5. c3 g6 6. d4 exd4 7. cxd4 Bg7 8. d5 b5 9. Bc2 Nb4 10. Bb3 a5 11. a3 Na6 12. Nc3 b4 13. axb4 axb4 14. Nb5 d6 15. Nbd4 Bd7 16. Bg5 Nc5 17. Rxa8 Qxa8 18. 0-0 h6 19. Bxe7 Kxe7 20. Re1 Re8 21. e5 Nxb3 22. Qxb3 Bxe5 23. Nxe5 dxe5 24. f4 Qa5 25. fxe5 Qc5 26. Qd3 Kf8 27. Qe4 Kg8 28. Kh1 f5 29. Qh4 Qxd5 30. Qxh6 Qxd4 31. Qxg6+ Kf8 32. Qf6+ 1/2-1/2

[Event "Menorca op-A 4th"]
[Site "Ciutadella"]
[Date "2025.04.26"]
[Round "8"]
[White "Ivanchuk, Vassily"]
[Black "Suleymenov, Alisher"]
[Result "1/2-1/2"]
[WhiteElo "2604"]
[BlackElo "2478"]
[PlyCount "58"]
[EventDate "2025.04.22"]
[EventType "swiss"]
[EventRounds "9"]
[EventCountry "ESP"]
[SourceTitle "CB18_2025"]
[SourceDate "2025.04.30"]
[SourceVersion "1"]
[SourceVersionDate "2025.04.30"]
[SourceQuality "1"]

1. d4 d5 2. c4 e6 3. Nf3 a6 4. Bg5 Be7 5. Bxe7 Qxe7 6. Nbd2 Nf6 7. e3 0-0 8. Be2 c5 9. dxc5 Qxc5 10. 0-0 Nc6 11. Rc1 Qe7 12. Qc2 Bd7 13. cxd5 Nxd5 14. Ne4 Rfd8 15. Rfd1 Be8 16. Qc5 b6 17. Qxe7 Ncxe7 18. a3 Bb5 19. Bxb5 axb5 20. g4 h6 21. h4 b4 22. axb4 Nxb4 23. h5 Rxd1+ 24. Rxd1 Nbd5 25. Kg2 Ra4 26. Rd4 Ra2 27. Rd2 Ra4 28. Rd4 Ra2 29. Rd2 Ra4 1/2-1/2

[Event "Menorca op-A 4th"]
[Site "Ciutadella"]
[Date "2025.04.25"]
[Round "6"]
[White "Raja, Rithvik R"]
[Black "Suleymenov, Alisher"]
[Result "1/2-1/2"]
[WhiteElo "2538"]
[BlackElo "2478"]
[PlyCount "56"]
[EventDate "2025.04.22"]
[EventType "swiss"]
[EventRounds "9"]
[EventCountry "ESP"]
[SourceTitle "CB18_2025"]
[SourceDate "2025.04.30"]
[SourceVersion "1"]
[SourceVersionDate "2025.04.30"]
[SourceQuality "1"]

1. d4 Nf6 2. c4 g6 3. Nc3 d5 4. Qb3 dxc4 5. Qxc4 Be6 6. Qb5+ Bd7 7. Qb3 c5 8. d5 b5 9. e4 c4 10. Bxc4 bxc4 11. Qb7 Qb6 12. Qxa8 Ng4 13. Nge2 Bg7 14. 0-0 0-0 15. h3 Na6 16. Qxf8+ Kxf8 17. hxg4 Bxg4 18. Be3 Qc7 19. Nd4 Nb4 20. Ncb5 Qe5 21. f3 Bd7 22. Nxa7 Nxd5 23. Nac6 Bxc6 24. Nxc6 Qe6 25. Nd4 Qe5 26. Nc6 Qe6 27. Nd4 Qe5 28. Nc6 Qe6 1/2-1/2

[Event "La Roda op 51st"]
[Site "La Roda"]
[Date "2025.04.17"]
[Round "5"]
[White "Suleymenov, Alisher"]
[Black "Perez Travieso, Saul"]
[Result "1-0"]
[WhiteElo "2478"]
[BlackElo "2111"]
[PlyCount "103"]
[EventDate "2025.04.15"]
[EventType "swiss"]
[EventRounds "9"]
[EventCountry "ESP"]
[SourceTitle "CB17_2025"]
[SourceDate "2025.04.23"]
[SourceVersion "1"]
[SourceVersionDate "2025.04.23"]
[SourceQuality "1"]

1. d4 Nf6 2. c4 e6 3. Nf3 Bb4+ 4. Nbd2 b6 5. a3 Bxd2+ 6. Qxd2 Bb7 7. e3 0-0 8. Be2 d6 9. b4 Ne4 10. Qc2 Nd7 11. 0-0 f5 12. Rd1 Rf6 13. d5 Rg6 14. dxe6 Nf8 15. c5 Nxe6 16. c6 Bc8 17. Bc4 Kh8 18. Ne5 Rf6 19. f3 N4g5 20. h4 Nf7 21. Nd7 Bxd7 22. cxd7 Rh6 23. Qxf5 Qxd7 24. Bb2 Rf8 25. Rac1 Nfd8 26. Qg4 Qe7 27. h5 c6 28. Bxe6 Rxe6 29. e4 c5 30. Rd5 Rh6 31. Rcd1 Rg8 32. bxc5 bxc5 33. Qf4 Nf7 34. Rf5 Qb7 35. Ba1 Qb3 36. Re1 Ne5 37. Bxe5 dxe5 38. Qxe5 c4 39. Qc5 Ra6 40. Rc1 Ra5 41. Qxa5 Qe3+ 42. Kh2 Qxc1 43. Qxa7 c3 44. Qc7 c2 45. Rc5 Qe1 46. Kh3 Qh1+ 47. Kg3 Qe1+ 48. Kg4 h6 49. Rxc2 g6 50. Qe5+ Rg7 51. Rc7 gxh5+ 52. Kf5 1-0

[Event "La Roda op 51st"]
[Site "La Roda"]
[Date "2025.04.16"]
[Round "2"]
[White "Martinez Herranz, Francisco Jose"]
[Black "Suleymenov, Alisher"]
[Result "0-1"]
[WhiteElo "2050"]
[BlackElo "2478"]
[PlyCount "58"]
[EventDate "2025.04.15"]
[EventType "swiss"]
[EventRounds "9"]
[EventCountry "ESP"]
[SourceTitle "CB17_2025"]
[SourceDate "2025.04.23"]
[SourceVersion "1"]
[SourceVersionDate "2025.04.23"]
[SourceQuality "1"]

1. e4 c5 2. Nc3 Nc6 3. Nf3 e5 4. Bc4 g6 5. d3 h6 6. Nd2 Bg7 7. Nf1 d6 8. Ne3 Nge7 9. 0-0 a6 10. a4 Nb4 11. f4 exf4 12. Rxf4 Be6 13. Bxe6 fxe6 14. a5 d5 15. Na4 Qxa5 16. Qg4 Qc7 17. Qxe6 Qxf4 18. Nf5 Bd4+ 19. Nxd4 Qf7 20. Nxc5 Qxe6 21. Ndxe6 Nxc2 22. Rb1 Rc8 23. Nxb7 Rc6 24. Nec5 g5 25. b4 dxe4 26. dxe4 0-0 27. Nd3 Nd4 28. Bb2 Ne2+ 29. Kh1 Rc1+ 0-1

[Event "La Roda op 51st"]
[Site "La Roda"]
[Date "2025.04.16"]
[Round "3"]
[White "Suleymenov, Alisher"]
[Black "Rumbos Garcia, Alejandro Daniel"]
[Result "1-0"]
[WhiteElo "2478"]
[BlackElo "2178"]
[PlyCount "77"]
[EventDate "2025.04.15"]
[EventType "swiss"]
[EventRounds "9"]
[EventCountry "ESP"]
[SourceTitle "CB17_2025"]
[SourceDate "2025.04.23"]
[SourceVersion "1"]
[SourceVersionDate "2025.04.23"]
[SourceQuality "1"]

1. e4 c5 2. Nf3 Nc6 3. d4 cxd4 4. Nxd4 e5 5. Nb5 d6 6. c4 Nf6 7. N1c3 a6 8. Na3 Be7 9. Nc2 Be6 10. Be2 0-0 11. 0-0 Rc8 12. Be3 Na5 13. b3 b5 14. Nd5 Bxd5 15. exd5 bxc4 16. b4 Nb7 17. Na3 a5 18. b5 Nc5 19. Nxc4 Nfd7 20. Qd2 Ra8 21. Rab1 Nb7 22. b6 f5 23. Qc3 f4 24. Bd2 e4 25. Bg4 Ndc5 26. Qh3 Qe8 27. Bf5 g6 28. Be6+ Kg7 29. Nxa5 Nxe6 30. Qxe6 Nc5 31. Bc3+ Bf6 32. Bxf6+ Rxf6 33. Qxe8 Rxe8 34. Nc6 Rf7 35. a4 Ra8 36. a5 Rb7 37. Rfc1 Na6 38. Rc4 Nc7 39. Nd8 1-0

[Event "La Roda op 51st"]
[Site "La Roda"]
[Date "2025.04.15"]
[Round "1"]
[White "Suleymenov, Alisher"]
[Black "Rubio Sureda, Alejandro"]
[Result "1-0"]
[WhiteElo "2478"]
[BlackElo "1891"]
[PlyCount "87"]
[EventDate "2025.04.15"]
[EventType "swiss"]
[EventRounds "9"]
[EventCountry "ESP"]
[SourceTitle "CB17_2025"]
[SourceDate "2025.04.23"]
[SourceVersion "1"]
[SourceVersionDate "2025.04.23"]
[SourceQuality "1"]

1. e4 c6 2. d4 d5 3. e5 c5 4. dxc5 e6 5. a3 Bxc5 6. Qg4 Ne7 7. Bd3 Qb6 8. Nf3 Bxf2+ 9. Ke2 Nbc6 10. Nc3 Nd4+ 11. Kf1 Bd7 12. Qxg7 0-0-0 13. Qf6 Nef5 14. Nxd5 Qc5 15. b4 Qxd5 16. c4 Qc6 17. Kxf2 Rhg8 18. Bg5 h6 19. Nxd4 Nxd4 20. Qxh6 Be8 21. Qf6 Rd7 22. h4 Nf5 23. Rad1 a6 24. Bxf5 exf5 25. Qxc6+ bxc6 26. Rxd7 Bxd7 27. Bf6 Rg6 28. h5 Rh6 29. Bg7 Rh7 30. h6 Be6 31. Rc1 Kc7 32. Ke3 Kb6 33. Kd4 Bd7 34. Rb1 Be6 35. a4 Bd7 36. a5+ Kc7 37. Kc5 Be8 38. Rd1 Bd7 39. Rd6 Be8 40. Rf6 Bd7 41. Rxf7 Kc8 42. Kd6 Be8 43. Rf8 Kd8 44. e6 1-0

[Event "Almaty zt 3.4"]
[Site "Almaty"]
[Date "2025.04.06"]
[Round "6"]
[White "Suleymenov, Alisher"]
[Black "Isanzhulov, Arystan"]
[Result "1-0"]
[WhiteElo "2478"]
[BlackElo "2386"]
[PlyCount "65"]
[EventDate "2025.04.02"]
[EventType "swiss"]
[EventRounds "9"]
[EventCountry "KAZ"]
[SourceTitle "CB15_2025"]
[SourceDate "2025.04.09"]
[SourceVersion "1"]
[SourceVersionDate "2025.04.09"]
[SourceQuality "1"]

1. d4 Nf6 2. c4 e6 3. Nf3 d5 4. g3 dxc4 5. Bg2 Nbd7 6. 0-0 c6 7. a4 a5 8. Qc2 b5 9. Ne5 Nxe5 10. dxe5 Nd5 11. axb5 cxb5 12. Nc3 Qb6 13. Nxd5 exd5 14. Bxd5 Ra7 15. Qe4 Bc5 16. Bc6+ Bd7 17. Bxd7+ Rxd7 18. Qg4 Rg8 19. Qh5 h6 20. e6 Re7 21. Rxa5 Qxa5 22. exf7+ Rxf7 23. Qxc5 Rf6 24. Be3 Qa6 25. Rd1 Qc6 26. Qa7 Re6 27. Bc5 h5 28. h4 b4 29. Bxb4 Rxe2 30. Qa5 Qf3 31. Rd8+ Kf7 32. Qa7+ Kg6 33. Rxg8 1-0

[Event "Almaty zt 3.4"]
[Site "Almaty"]
[Date "2025.04.03"]
[Round "2"]
[White "Suleymenov, Alisher"]
[Black "Suleimen, Ergali"]
[Result "1-0"]
[WhiteElo "2478"]
[BlackElo "2330"]
[PlyCount "85"]
[EventDate "2025.04.02"]
[EventType "swiss"]
[EventRounds "9"]
[EventCountry "KAZ"]
[SourceTitle "CB15_2025"]
[SourceDate "2025.04.09"]
[SourceVersion "1"]
[SourceVersionDate "2025.04.09"]
[SourceQuality "1"]

1. d4 Nf6 2. c4 g6 3. g3 Bg7 4. Bg2 0-0 5. Nc3 d6 6. Nf3 c6 7. 0-0 Bf5 8. Re1 Qb6 9. e4 Bg4 10. b3 Nfd7 11. Be3 c5 12. dxc5 dxc5 13. Rc1 Nc6 14. h3 Bxf3 15. Bxf3 Bxc3 16. Rxc3 Rad8 17. Bg2 Nde5 18. Qa1 Nd4 19. Bh6 Rfe8 20. f4 Nec6 21. Qb2 a5 22. g4 a4 23. e5 axb3 24. axb3 Nb4 25. Qf2 Ra8 26. f5 Ra2 27. Qf1 Nbc2 28. e6 f6 29. Rd1 Kh8 30. Be4 Nb4 31. Re3 g5 32. h4 gxh4 33. Bg2 Rg8 34. Qf4 Nbc2 35. Re4 Qxb3 36. Rc1 Qxc4 37. Qc7 Ne2+ 38. Kh2 Qxe4 39. Bxe4 Ne3 40. Bxe3 Nxc1+ 41. Kh3 Re2 42. Bxc1 Rxe4 43. Qxe7 1-0

[Event "Almaty zt 3.4"]
[Site "Almaty"]
[Date "2025.04.02"]
[Round "1"]
[White "Erzhanov, Arman"]
[Black "Suleymenov, Alisher"]
[Result "0-1"]
[WhiteElo "2132"]
[BlackElo "2478"]
[PlyCount "56"]
[EventDate "2025.04.02"]
[EventType "swiss"]
[EventRounds "9"]
[EventCountry "KAZ"]
[SourceTitle "CB15_2025"]
[SourceDate "2025.04.09"]
[SourceVersion "1"]
[SourceVersionDate "2025.04.09"]
[SourceQuality "1"]

1. e4 c5 2. c3 Nf6 3. e5 Nd5 4. Nf3 d6 5. exd6 e6 6. g3 Bxd6 7. Bg2 Nc6 8. 0-0 0-0 9. d4 cxd4 10. Nxd4 Nxd4 11. Qxd4 Qc7 12. Nd2 Bd7 13. Ne4 Bb5 14. Re1 Be7 15. Qd1 Rfd8 16. Qf3 h6 17. Nd2 Bc6 18. Qe2 a5 19. Nf3 Bf6 20. Ne5 Bxe5 21. Qxe5 Qxe5 22. Rxe5 a4 23. Re1 a3 24. Bxd5 axb2 25. Bxb2 Rxd5 26. Re2 Rxa2 27. Rae1 Bb5 28. Rc2 Ba4 0-1

[Event "Moscow Ivi GP op"]
[Site "Moscow"]
[Date "2025.03.11"]
[Round "6"]
[White "Suleymenov, Alisher"]
[Black "Ivanov, Oleg V"]
[Result "0-1"]
[WhiteElo "2484"]
[BlackElo "2390"]
[PlyCount "116"]
[EventDate "2025.03.08"]
[EventType "swiss"]
[EventRounds "10"]
[EventCountry "RUS"]
[SourceTitle "CB12_2025"]
[SourceDate "2025.03.19"]
[SourceVersion "1"]
[SourceVersionDate "2025.03.19"]
[SourceQuality "1"]

1. e4 e5 2. Nf3 Nc6 3. Bb5 Nf6 4. 0-0 Nxe4 5. Re1 Nd6 6. Nxe5 Be7 7. Bf1 Nxe5 8. Rxe5 0-0 9. d4 Bf6 10. Re1 Re8 11. Bf4 Rxe1 12. Qxe1 Ne8 13. Nc3 Bxd4 14. Nd5 d6 15. Bg5 f6 16. Be3 Bxe3 17. Qxe3 c6 18. Re1 Kf7 19. Qf3 cxd5 20. Qxd5+ Kg6 21. Bc4 Bf5 22. h4 Rc8 23. h5+ Kh6 24. Qd2+ g5 25. hxg6+ Kxg6 26. Qd5 Ng7 27. Re3 h5 28. Rg3+ Kh6 29. b3 Rc5 30. Qxb7 Qd7 31. Qa8 Rc8 32. Qd5 Re8 33. Bb5 Re1+ 34. Kh2 Qe7 35. Qg8 Re4 36. Kg1 Re1+ 37. Kh2 Re4 38. Kg1 Bh7 39. Qd5 Bg6 40. Qg8 Re1+ 41. Kh2 Re4 42. Kg1 h4 43. Qh8+ Bh7 44. Rh3 Qe5 45. a4 Re1+ 46. Bf1 Re4 47. Qf8 Bf5 48. Rd3 Qe7 49. Qh8+ Kg6 50. Qb8 Re1 51. Rd2 h3 52. Qb5 Qe5 53. Qa6 h2+ 54. Kh1 Qa1 55. Kxh2 Rxf1 56. Re2 Rh1+ 57. Kg3 Qd4 58. Re7 Qg4# 0-1